000
00300nam a2200121Ia 4500
005
20251222153639.0
008
251222s9999||||xx |||||||||||||| ||spa||
082
_a
519.72/G27
100
_a
"Gass, Saul I."
245
0
_a
Programaciyn lineal: métodos y aplicaciones
250
_a
2a.ed.
942
_c
LIB
999
_c
32658
_d
32658